| 000 | 00588nam a22001937a 4500 | ||
|---|---|---|---|
| 003 | 0 | ||
| 005 | 20231205093203.0 | ||
| 008 | 231205b xxu||||| |||| 00| 0 eng d | ||
| 020 | _a978-971-518-534-9 | ||
| 050 |
_aCL _bMal257 2011 |
||
| 082 |
_aCL _bMal257 2011 |
||
| 100 | _aMalory, Sir Thomas | ||
| 245 |
_aKing Arthur and the legends of the round table _cSir Thomas Malory |
||
| 260 |
_aQuezon City _bLampara Publishing House _cc2011. |
||
| 300 |
_a126 pages : _bcolored illustrations ; _c20 cm. |
||
| 504 | _aIncludes glossary. | ||
| 650 | _aClassic stories. | ||
| 942 |
_2ddc _cBK |
||
| 999 |
_c365704 _d365704 |
||